[Event "Gibraltar Masters 2019"]
[Site "Caleta ENG"]
[Date "2019.01.22"]
[Round "1"]
[White "Aronian, Levon"]
[Black "Sukandar, Irine Kharisma"]
[Result "1-0"]
[WhiteElo "2767"]
[BlackElo "2397"]
[PlyCount "61"]
[EventDate "2019.01.22"]

1. c4 e5 2. g3 Nf6 3. Bg2 d5 4. cxd5 Nxd5 5. Nf3 Nc6 6. O-O Nb6 7. Nc3 Be7 8.
d3 O-O 9. a3 Re8 10. b4 a5 11. b5 Nd4 12. Bb2 Bf8 13. e3 Nxf3+ 14. Bxf3 a4 15.
Rc1 f5 16. Kh1 Kh8 17. e4 Ra5 18. Qe2 Bc5 19. exf5 Bxf5 20. Be4 Bxe4+ 21. Nxe4
Bd4 22. Bxd4 exd4 23. Qh5 Re7 24. Ng5 g6 25. Qh4 Kg8 26. Rce1 Ra8 27. Re4 Qd5
28. Kg1 Rd7 29. Rfe1 Rf8 30. Re7 h5 31. Nh7 1-0

[Event "Gibraltar Masters 2019"]
[Site "Caleta ENG"]
[Date "2019.01.22"]
[Round "1"]
[White "Pigott, John C"]
[Black "So, Wesley"]
[Result "0-1"]
[WhiteElo "2387"]
[BlackElo "2765"]
[PlyCount "84"]
[EventDate "2019.01.22"]

1. c4 e5 2. Nc3 Nf6 3. Nf3 Nc6 4. g3 d5 5. cxd5 Nxd5 6. Bg2 Nb6 7. O-O Be7 8.
d3 O-O 9. Be3 Re8 10. Rc1 Bf8 11. Ne4 Nd4 12. Nxd4 exd4 13. Bg5 f6 14. Bd2 a5
15. Nc5 c6 16. Re1 Re5 17. Na4 Nxa4 18. Qxa4 Be6 19. a3 Rb5 20. Qc2 Qb6 21. b4
axb4 22. axb4 Ra2 23. Qd1 Bxb4 24. Bxb4 Rxb4 25. Ra1 Rbb2 26. Bf3 Qa5 27. Kg2
Rxa1 28. Qxa1 Qxa1 29. Rxa1 Ba2 30. Rc1 Kf7 31. Rc5 Be6 32. g4 Ke7 33. h4 Kd6
34. Rh5 h6 35. g5 Rb5 36. gxh6 Rxh5 37. Bxh5 gxh6 38. e3 Kc5 39. Kf1 Kb4 40.
Bd1 dxe3 41. fxe3 Kc3 42. d4 Kd2 0-1

[Event "Gibraltar Masters 2019"]
[Site "Caleta ENG"]
[Date "2019.01.22"]
[Round "1"]
[White "Yu, Yangyi"]
[Black "Erenberg, Ariel"]
[Result "1/2-1/2"]
[WhiteElo "2764"]
[BlackElo "2409"]
[PlyCount "80"]
[EventDate "2019.01.22"]

1. e4 e5 2. Nf3 Nc6 3. Bb5 a6 4. Ba4 Nf6 5. O-O Be7 6. Re1 b5 7. Bb3 d6 8. c3
O-O 9. h3 Nb8 10. d4 Nbd7 11. c4 c6 12. a3 exd4 13. Nxd4 Ne5 14. cxb5 axb5 15.
Bf4 Qb6 16. Nc3 Bd7 17. Nf5 Bxf5 18. exf5 Rae8 19. Ne4 d5 20. Bxe5 dxe4 21. a4
bxa4 22. Rxa4 Qb5 23. Bxf6 Bxf6 24. g4 e3 25. fxe3 Qe5 26. Rf4 Qxb2 27. Qc2 Qe5
28. Kg2 c5 29. Re2 Re7 30. Qc4 Rd8 31. Rf3 h6 32. Qf4 Qxf4 33. Rxf4 Rd3 34. Ba2
Rdxe3 35. Rxe3 Rxe3 36. Ra4 Kf8 37. Ra7 Re7 38. Ra8+ Re8 39. Rxe8+ Kxe8 40. Kf3
Ke7 1/2-1/2

[Event "Gibraltar Masters 2019"]
[Site "Caleta ENG"]
[Date "2019.01.22"]
[Round "1"]
[White "Blesic, Vaso"]
[Black "Nakamura, Hikaru"]
[Result "1/2-1/2"]
[WhiteElo "2390"]
[BlackElo "2749"]
[PlyCount "82"]
[EventDate "2019.01.22"]

1. d4 Nf6 2. Nf3 e6 3. Bf4 c5 4. c3 Nc6 5. e3 d5 6. h3 Bd6 7. Bxd6 Qxd6 8. Nbd2
O-O 9. Bb5 Bd7 10. a4 c4 11. Bxc6 Bxc6 12. Ne5 Rfc8 13. O-O Be8 14. f4 Rab8 15.
Qe2 a5 16. e4 Nxe4 17. Nxe4 dxe4 18. Qxe4 f6 19. Nf3 Bc6 20. Qe3 Qd7 21. Rfe1
Bd5 22. Nd2 b5 23. Ne4 Qc6 24. Re2 Re8 25. axb5 Rxb5 26. Nc5 e5 27. fxe5 fxe5
28. Rf1 Rbb8 29. Rfe1 Bf7 30. dxe5 Rb5 31. e6 Bh5 32. g4 Rxc5 33. gxh5 Rxh5 34.
e7 Rf5 35. Qe4 Qc5+ 36. Kg2 g6 37. Rf1 Rg5+ 38. Kh1 Kg7 39. Qe6 Qd5+ 40. Qxd5
Rxd5 41. Rf4 Rd7 1/2-1/2

[Event "Gibraltar Masters 2019"]
[Site "Caleta ENG"]
[Date "2019.01.22"]
[Round "1"]
[White "Navara, David"]
[Black "Shachar, Ehud"]
[Result "1-0"]
[WhiteElo "2738"]
[BlackElo "2391"]
[PlyCount "83"]
[EventDate "2019.01.22"]

1. d4 e6 2. e4 d5 3. Nd2 Be7 4. Ngf3 Nf6 5. Bd3 c5 6. e5 Nfd7 7. c3 Nc6 8. O-O
g5 9. dxc5 g4 10. Nd4 Ndxe5 11. Bb5 Bd7 12. N2b3 h5 13. Re1 Ng6 14. c4 dxc4 15.
Bxc4 Nce5 16. Be2 Bc6 17. Nxc6 Qxd1 18. Rxd1 Nxc6 19. Be3 Bf6 20. Bb5 O-O 21.
Rd7 a6 22. Bxc6 bxc6 23. Na5 Ne7 24. Rad1 Nd5 25. Nxc6 Nxe3 26. fxe3 Bxb2 27.
Ne7+ Kg7 28. c6 Bf6 29. c7 Bxe7 30. Rxe7 Kf6 31. Red7 Rfc8 32. Rf1+ Ke5 33.
Rfxf7 Ra7 34. Kf2 h4 35. Rg7 h3 36. Rg5+ Kf6 37. Rc5 hxg2 38. Kxg2 e5 39. e4
Rb7 40. Rc6+ Kg5 41. Kg3 a5 42. Rf7 1-0

[Event "Gibraltar Masters 2019"]
[Site "Caleta ENG"]
[Date "2019.01.22"]
[Round "1"]
[White "Vega Gutierrez, Sabrina"]
[Black "Naiditsch, Arkadij"]
[Result "0-1"]
[WhiteElo "2390"]
[BlackElo "2734"]
[PlyCount "72"]
[EventDate "2019.01.22"]

1. e4 e5 2. Nf3 Nc6 3. Bc4 Nf6 4. d3 Bc5 5. Nc3 h6 6. h3 a6 7. Nd5 d6 8. c3 Ba7
9. Be3 O-O 10. a4 Nxd5 11. Bxd5 Ne7 12. Ba2 Ng6 13. O-O Qf6 14. Kh2 Nf4 15.
Bxa7 Rxa7 16. Ng1 Be6 17. g3 Bxa2 18. Rxa2 Ne6 19. b4 Raa8 20. Rd2 a5 21. b5 c6
22. bxc6 bxc6 23. d4 exd4 24. cxd4 Rfb8 25. d5 cxd5 26. Rxd5 Rb2 27. Kg2 Ra6
28. Nf3 Qg6 29. Rf5 Nc5 30. Qd5 Qe6 31. Rc1 Nxe4 32. Qxe6 fxe6 33. Rc8+ Kh7 34.
Rf7 Rxf2+ 35. Kg1 Rb6 36. Ng5+ Nxg5 0-1

[Event "Gibraltar Masters 2019"]
[Site "Caleta ENG"]
[Date "2019.01.22"]
[Round "1"]
[White "Vitiugov, Nikita"]
[Black "Shvayger, Yuliya"]
[Result "1-0"]
[WhiteElo "2720"]
[BlackElo "2387"]
[PlyCount "89"]
[EventDate "2019.01.22"]

1. e4 c5 2. Nc3 Nc6 3. Nge2 g6 4. d4 cxd4 5. Nxd4 Bg7 6. Be3 Nf6 7. Bc4 O-O 8.
Bb3 d6 9. f3 Bd7 10. Qd2 Na5 11. Bh6 Nxb3 12. axb3 Qb6 13. O-O-O a5 14. Bxg7
Kxg7 15. g4 a4 16. g5 Nh5 17. bxa4 Bxa4 18. Nd5 Qd8 19. b3 Bd7 20. Kb2 e6 21.
Ne3 e5 22. Ne2 Be6 23. Ng3 Qxg5 24. Nef5+ Kf6 25. Nxh5+ Qxh5 26. Nxd6 Ra6 27.
Nxb7 Rfa8 28. Qc3 Ra2+ 29. Kb1 Kg7 30. Nc5 Bh3 31. Na4 Ra3 32. Qb4 R3xa4 33.
bxa4 Qxf3 34. Kb2 Bg2 35. Rhe1 Qf2 36. Rd5 Rc8 37. Rc1 Qf4 38. Qe7 Rb8+ 39. Rb5
Rxb5+ 40. axb5 Qxe4 41. Rd1 Qe2 42. Rd3 e4 43. Rb3 Qd2 44. Qe5+ f6 45. Qe7+ 1-0

[Event "Gibraltar Masters 2019"]
[Site "Caleta ENG"]
[Date "2019.01.22"]
[Round "1"]
[White "Seeman, Tarvo"]
[Black "Le, Quang Liem"]
[Result "0-1"]
[WhiteElo "2386"]
[BlackElo "2714"]
[PlyCount "70"]
[EventDate "2019.01.22"]

1. Nf3 d5 2. g3 g6 3. c4 dxc4 4. Na3 Bg7 5. Nxc4 Nc6 6. d3 e5 7. Bd2 a5 8. Bg2
Nge7 9. O-O O-O 10. Rc1 f6 11. b3 Be6 12. Re1 Qd7 13. Qc2 Rfd8 14. Bc3 Nd5 15.
Bd2 Bf8 16. h4 Ra6 17. a4 Ncb4 18. Qb1 c6 19. d4 e4 20. Nh2 b5 21. Nb2 f5 22.
Nf1 Qf7 23. Nd1 Bg7 24. Nc3 bxa4 25. Nxa4 Bxd4 26. Nc5 Rb6 27. Red1 Rdb8 28.
Bh6 Bf6 29. Na4 Rb5 30. Nd2 Qc7 31. Nc4 Na6 32. Qc2 Rxb3 33. Nxa5 Qxa5 34. Qxc6
Kf7 35. Nc5 R3b6 0-1

[Event "Gibraltar Masters 2019"]
[Site "Caleta ENG"]
[Date "2019.01.22"]
[Round "1"]
[White "Ivanchuk, Vassily"]
[Black "Guichard, Pauline"]
[Result "1-0"]
[WhiteElo "2713"]
[BlackElo "2378"]
[PlyCount "81"]
[EventDate "2019.01.22"]

1. d4 Nf6 2. c4 g6 3. f3 Bg7 4. e4 d6 5. Be3 O-O 6. Qd2 c5 7. Ne2 Nc6 8. d5 Ne5
9. Nec3 e6 10. Be2 exd5 11. cxd5 Ne8 12. O-O f5 13. a4 Nf6 14. exf5 Bxf5 15.
Na3 Rc8 16. g4 Bd7 17. Nab5 Bxb5 18. axb5 Ra8 19. Ra4 Qc8 20. Kg2 a5 21. bxa6
bxa6 22. Rfa1 Ne8 23. Ne4 Qb7 24. b4 c4 25. Ra5 Qe7 26. h3 Nc7 27. Bg5 Qd7 28.
f4 Nd3 29. Rf1 Rab8 30. Rf3 h6 31. Bh4 g5 32. fxg5 Rxf3 33. Bxf3 Rxb4 34. Ra2
Qf7 35. Nxd6 Nf4+ 36. Kg3 c3 37. Nxf7 cxd2 38. Nxh6+ Bxh6 39. gxh6 Rb3 40. Rxd2
Ncxd5 41. Bg5 1-0

[Event "Gibraltar Masters 2019"]
[Site "Caleta ENG"]
[Date "2019.01.22"]
[Round "1"]
[White "Hedman, Erik"]
[Black "Artemiev, Vladislav"]
[Result "0-1"]
[WhiteElo "2378"]
[BlackElo "2709"]
[PlyCount "62"]
[EventDate "2019.01.22"]

1. d4 Nf6 2. c4 g6 3. Nf3 Bg7 4. Nc3 d5 5. cxd5 Nxd5 6. e4 Nxc3 7. bxc3 c5 8.
Rb1 O-O 9. Be2 b6 10. O-O Qc7 11. Bg5 e6 12. Qd2 Bb7 13. Qe3 Nd7 14. e5 Rfc8
15. Nd2 cxd4 16. cxd4 Qc3 17. Qf4 Qc2 18. Rb3 Bd5 19. Rh3 Qxa2 20. Bd3 Rc7 21.
Bb1 Qb2 22. Ne4 Bxe4 23. Bxe4 Rac8 24. Rf3 Nf8 25. Rd1 h6 26. Bxh6 Bxh6 27.
Qxh6 Rc1 28. Rfd3 Qb1 29. Bf3 Qxd3 30. Rxc1 Rxc1+ 31. Qxc1 Qxd4 0-1

[Event "Gibraltar Masters 2019"]
[Site "Caleta ENG"]
[Date "2019.01.22"]
[Round "1"]
[White "Anand, Nadar"]
[Black "Matlakov, Maxim"]
[Result "1/2-1/2"]
[WhiteElo "2373"]
[BlackElo "2700"]
[PlyCount "82"]
[EventDate "2019.01.22"]

1. e4 c5 2. Nf3 d6 3. d4 cxd4 4. Nxd4 Nf6 5. Nc3 a6 6. f3 e5 7. Nb3 Be6 8. Be3
Be7 9. Qd2 O-O 10. O-O-O Nbd7 11. g4 b5 12. g5 Nh5 13. Nd5 Bxd5 14. exd5 f6 15.
h4 fxg5 16. hxg5 Rxf3 17. Rxh5 Rxe3 18. Qxe3 g6 19. Bd3 gxh5 20. Kb1 Bxg5 21.
Qh3 Nf6 22. Rg1 h6 23. Nd2 Ra7 24. Ne4 Nxe4 25. Bxe4 Qe8 26. Bf3 h4 27. Qxh4
Rg7 28. Qh1 b4 29. Bh5 Qf8 30. Qh3 Kh8 31. Rf1 Bf4 32. Be2 Qg8 33. Qf5 a5 34.
Qf6 Qxd5 35. Qf8+ Rg8 36. Qf6+ Rg7 37. Qf8+ Qg8 38. Qxd6 Rg6 39. Qc5 Qd8 40.
Rd1 Qb6 41. Qe7 Bg5 1/2-1/2

[Event "Gibraltar Masters 2019"]
[Site "Caleta ENG"]
[Date "2019.01.23"]
[Round "2"]
[White "Vachier-Lagrave, Maxime"]
[Black "Puranik, Abhimanyu"]
[Result "1/2-1/2"]
[WhiteElo "2780"]
[BlackElo "2536"]
[PlyCount "116"]
[EventDate "2019.01.22"]

1. c4 Nf6 2. g3 c5 3. Bg2 Nc6 4. Nc3 g6 5. Nf3 Bg7 6. d4 cxd4 7. Nxd4 O-O 8.
O-O Nxd4 9. Qxd4 d6 10. Qd3 a6 11. Bd2 Rb8 12. a4 Be6 13. b3 Qb6 14. Rab1 Rfc8
15. e4 Qc5 16. h3 Nd7 17. Rfc1 Qd4 18. Qe2 Nc5 19. Nd5 Bxd5 20. exd5 Qd3 21.
Bf1 Qxe2 22. Bxe2 b6 23. Kg2 f5 24. Be3 Kf7 25. g4 Be5 26. f4 Bf6 27. Kf3 h5
28. gxh5 gxh5 29. Bxc5 bxc5 30. Bd3 Rg8 31. Bxf5 Rg7 32. Be6+ Kf8 33. Ke4 a5
34. Rg1 Bd4 35. Rg5 Rxg5 36. fxg5 Kg7 37. Bf5 Be5 38. Ke3 Bd4+ 39. Kd3 Be5 40.
Ke4 Bd4 41. h4 Be5 42. Rf1 Rxb3 43. Bd7 Rc3 44. Bb5 Rh3 45. Kf5 Rxh4 46. Ke6
Re4 47. Kxe7 h4 48. Rh1 Kg6 49. Kd7 Kxg5 50. Kc7 Kf6 51. Rf1+ Ke7 52. Kb6 Bc3
53. Rf3 Bd2 54. Rf2 Be1 55. Rf3 Re2 56. Ba6 Rb2+ 57. Bb5 Re2 58. Ba6 Rb2+
1/2-1/2

[Event "Gibraltar Masters 2019"]
[Site "Caleta ENG"]
[Date "2019.01.23"]
[Round "2"]
[White "Muzychuk, Mariya"]
[Black "Aronian, Levon"]
[Result "1/2-1/2"]
[WhiteElo "2540"]
[BlackElo "2767"]
[PlyCount "87"]
[EventDate "2019.01.22"]

1. e4 c5 2. Nf3 d6 3. Bb5+ Bd7 4. Bxd7+ Qxd7 5. c4 e5 6. Nc3 Nc6 7. d3 Be7 8.
O-O Bd8 9. a3 Nge7 10. Rb1 a5 11. Bd2 O-O 12. b3 h6 13. Nd5 f5 14. b4 fxe4 15.
dxe4 axb4 16. axb4 Nd4 17. Nxd4 cxd4 18. f4 Nxd5 19. cxd5 Bf6 20. fxe5 Bxe5 21.
Rxf8+ Rxf8 22. Qe2 Qa4 23. Qd3 Qa2 24. Rc1 Ra8 25. g3 Kh7 26. Kf2 Rf8+ 27. Ke2
Qa8 28. Rf1 Rc8 29. Kf2 Qa2 30. Kg1 Rc2 31. Rf2 Qa1+ 32. Rf1 Qa4 33. Rf2 Qa1+
34. Rf1 Qa2 35. Rf2 Rb2 36. Kg2 b5 37. Qe2 Bf6 38. Qg4 Rc2 39. Qf4 Be5 40. Qf5+
Kh8 41. Qf8+ Kh7 42. Qf5+ Kh8 43. Qf8+ Kh7 44. Qf5+ 1/2-1/2

[Event "Gibraltar Masters 2019"]
[Site "Caleta ENG"]
[Date "2019.01.23"]
[Round "2"]
[White "So, Wesley"]
[Black "Sadzikowski, Daniel"]
[Result "1-0"]
[WhiteElo "2765"]
[BlackElo "2534"]
[PlyCount "79"]
[EventDate "2019.01.22"]

1. e4 c5 2. Nf3 Nc6 3. d4 cxd4 4. Nxd4 Nf6 5. Nc3 e5 6. Ndb5 d6 7. Nd5 Nxd5 8.
exd5 Nb8 9. a4 Be7 10. Be2 O-O 11. O-O Nd7 12. Bd2 f5 13. a5 f4 14. Re1 Nf6 15.
Bd3 f3 16. Qxf3 Ng4 17. Qe4 Bf5 18. Qxf5 Rxf5 19. Bxf5 a6 20. Nxd6 Qxd6 21.
Bxg4 Qxd5 22. Bc3 Bf6 23. Bf3 Qb5 24. Re4 Rd8 25. g3 Qc5 26. Raa4 Rd7 27. Rac4
Qe7 28. Rc8+ Rd8 29. Rec4 e4 30. Bxe4 Bxc3 31. Rxc3 g6 32. Bxb7 Qe1+ 33. Kg2
Rxc8 34. Rxc8+ Kg7 35. c3 Qe2 36. b4 h5 37. Rc7+ Kh6 38. h4 g5 39. Bf3 Qb5 40.
Rc5 1-0

[Event "Gibraltar Masters 2019"]
[Site "Caleta ENG"]
[Date "2019.01.23"]
[Round "2"]
[White "Nguyen, Thai Dai Van"]
[Black "Navara, David"]
[Result "0-1"]
[WhiteElo "2535"]
[BlackElo "2738"]
[PlyCount "72"]
[EventDate "2019.01.22"]

1. e4 g6 2. d4 Bg7 3. Nf3 d6 4. Be2 Nf6 5. Nc3 O-O 6. O-O a6 7. Re1 Nc6 8. d5
Na7 9. a4 e6 10. dxe6 Bxe6 11. Nd4 Bd7 12. Bf3 Nc6 13. Nxc6 Bxc6 14. Nd5 Qd7
15. Be3 Rae8 16. Bd4 Qd8 17. Nb4 Nd7 18. Nxc6 bxc6 19. c3 Qb8 20. b4 Bxd4 21.
Qxd4 a5 22. Rab1 Qa8 23. b5 Re5 24. Bg4 Nf6 25. f4 c5 26. Qd3 Rxe4 27. Bf3
Rxe1+ 28. Rxe1 Qd8 29. Bc6 Nd7 30. Bxd7 Qxd7 31. Qe4 Rc8 32. Qb7 d5 33. Re5 Rd8
34. Qa7 d4 35. Rxc5 d3 36. Rxc7 Qe6 0-1

[Event "Gibraltar Masters 2019"]
[Site "Caleta ENG"]
[Date "2019.01.23"]
[Round "2"]
[White "Naiditsch, Arkadij"]
[Black "Zanan, Evgeny"]
[Result "1/2-1/2"]
[WhiteElo "2734"]
[BlackElo "2528"]
[PlyCount "167"]
[EventDate "2019.01.22"]

1. e4 c5 2. Nf3 d6 3. Bb5+ Nd7 4. d4 cxd4 5. Qxd4 a6 6. Bxd7+ Bxd7 7. O-O Nf6
8. Bg5 e6 9. Nbd2 Rc8 10. Rfe1 e5 11. Bxf6 Qxf6 12. Qa7 Rc7 13. Nf1 Qd8 14. Ne3
Be6 15. Rad1 Qc8 16. Ng5 b5 17. Qb6 Rc6 18. Qa5 Be7 19. Nxe6 fxe6 20. a4 Qc7
21. Qxc7 Rxc7 22. axb5 axb5 23. Ra1 Kd7 24. c3 b4 25. cxb4 Rb8 26. Ra4 Bg5 27.
g3 Rcb7 28. Nc4 Rxb4 29. Ra7+ R8b7 30. Rxb7+ Rxb7 31. Rd1 Ke7 32. h4 Bf6 33.
Rd2 Rd7 34. Kf1 Rd8 35. Ke2 h5 36. Na5 Ra8 37. b4 g5 38. hxg5 Bxg5 39. Nc6+ Kd7
40. Nxe5+ Ke7 41. Nc6+ Kd7 42. Rc2 Ra1 43. Nb8+ Kd8 44. e5 dxe5 45. Nc6+ Ke8
46. Rc4 Bf6 47. Re4 Rb1 48. Nxe5 Bxe5 49. Rxe5 Rxb4 50. Rxh5 Kf7 51. f4 Kg6 52.
Re5 Kf6 53. Kf3 Rb1 54. Kg4 Ra1 55. Re3 Rb1 56. Ra3 Rc1 57. Ra6 Rb1 58. Kh3 Rb4
59. Ra5 Rc4 60. Rh5 Kg6 61. Re5 Kf6 62. Re3 Ra4 63. Kg2 Rb4 64. Kf3 Ra4 65. g4
Ra1 66. g5+ Kf7 67. Kg4 Rg1+ 68. Rg3 Rf1 69. Rh3 Rg1+ 70. Kh5 Kg7 71. Ra3 Rh1+
72. Kg4 Rg1+ 73. Rg3 Rf1 74. Re3 Kf7 75. Kg3 Rg1+ 76. Kf2 Ra1 77. Rh3 Ra4 78.
Kf3 e5 79. fxe5 Kg6 80. Rh8 Kxg5 81. Rf8 Ra3+ 82. Ke4 Ra4+ 83. Kd5 Ra5+ 84. Kd6
1/2-1/2

[Event "Gibraltar Masters 2019"]
[Site "Caleta ENG"]
[Date "2019.01.23"]
[Round "2"]
[White "Hjartarson, Johann"]
[Black "Vitiugov, Nikita"]
[Result "1/2-1/2"]
[WhiteElo "2530"]
[BlackElo "2720"]
[PlyCount "60"]
[EventDate "2019.01.22"]

1. e4 c6 2. d4 d5 3. e5 c5 4. dxc5 e6 5. Nf3 Bxc5 6. Bd3 Ne7 7. a3 Ng6 8. O-O
Nd7 9. Re1 Be7 10. g3 Nc5 11. Nc3 Nxd3 12. Qxd3 b6 13. h4 Bb7 14. Nb5 h6 15.
Nfd4 Nf8 16. Bd2 Nd7 17. Nxe6 fxe6 18. Qg6+ Kf8 19. Nd4 Nc5 20. b4 Qe8 21. Qg4
h5 22. Qf4+ Kg8 23. bxc5 Bxc5 24. c3 Rc8 25. a4 a5 26. Be3 Kh7 27. Qf3 Rf8 28.
Qe2 Kg8 29. Reb1 Qg6 30. Rb2 Ra8 1/2-1/2

[Event "Gibraltar Masters 2019"]
[Site "Caleta ENG"]
[Date "2019.01.23"]
[Round "2"]
[White "Le, Quang Liem"]
[Black "Demuth, Adrien"]
[Result "1-0"]
[WhiteElo "2714"]
[BlackElo "2517"]
[PlyCount "75"]
[EventDate "2019.01.22"]

1. e4 c5 2. Nf3 g6 3. c4 Bg7 4. d4 cxd4 5. Nxd4 Nc6 6. Nc2 e6 7. Nc3 Nge7 8.
Bf4 O-O 9. Bd6 f5 10. Bd3 Ne5 11. exf5 gxf5 12. f4 Nf7 13. Ba3 d6 14. Be2 a6
15. O-O b5 16. cxb5 axb5 17. Nxb5 Qb6+ 18. Kh1 Nd5 19. Rf3 Nf6 20. Qd4 Qb8 21.
Rg3 Ng4 22. Qg1 e5 23. Bc4 Rxa3 24. Nbxa3 exf4 25. Rb3 Qa8 26. Rf1 Be5 27. Nd4
Ne3 28. Rxe3 fxe3 29. Qxe3 Qe4 30. Qxe4 fxe4 31. Nac2 Kg7 32. Bd5 e3 33. b4 Bg4
34. Nxe3 Bxd4 35. Nxg4 h5 36. Rf4 hxg4 37. Rxd4 Ne5 38. Kg1 1-0

[Event "Gibraltar Masters 2019"]
[Site "Caleta ENG"]
[Date "2019.01.23"]
[Round "2"]
[White "Goryachkina, Aleksandra"]
[Black "Ivanchuk, Vassily"]
[Result "1/2-1/2"]
[WhiteElo "2518"]
[BlackElo "2713"]
[PlyCount "81"]
[EventDate "2019.01.22"]

1. d4 Nf6 2. c4 g6 3. Nc3 Bg7 4. e4 d6 5. f3 e5 6. d5 Nh5 7. Be3 f5 8. Qd2 Qh4+
9. Bf2 Qe7 10. O-O-O O-O 11. Be3 Na6 12. Bd3 Nc5 13. Bc2 fxe4 14. Bxc5 exf3 15.
Be3 e4 16. Bxe4 Bxc3 17. Qxc3 Qxe4 18. Nxf3 Qg4 19. Bh6 Re8 20. Rhe1 Bd7 21. g3
Rxe1 22. Rxe1 Re8 23. Rxe8+ Bxe8 24. Nd2 Qe2 25. Qe3 Qxe3 26. Bxe3 b6 27. Ne4
Bd7 28. Bd4 h6 29. Nf6+ Nxf6 30. Bxf6 Kf7 31. Bd4 c5 32. dxc6 Bxc6 33. Kd2 Ke6
34. Bg7 h5 35. h4 d5 36. cxd5+ Kxd5 37. a3 Bd7 38. Ke3 Bf5 39. Kf4 a6 40. Ke3
Bb1 41. Kf4 1/2-1/2

[Event "Gibraltar Masters 2019"]
[Site "Caleta ENG"]
[Date "2019.01.23"]
[Round "2"]
[White "Artemiev, Vladislav"]
[Black "Gallego Alcaraz, Andres Felipe"]
[Result "1-0"]
[WhiteElo "2709"]
[BlackElo "2502"]
[PlyCount "93"]
[EventDate "2019.01.22"]

1. c4 Nf6 2. g3 g6 3. Bg2 d5 4. Nf3 Bg7 5. Qa4+ c6 6. cxd5 Nxd5 7. Nc3 O-O 8.
O-O Nb6 9. Qh4 e5 10. Qxd8 Rxd8 11. d3 N8d7 12. Bg5 f6 13. Bd2 Nc5 14. Rfd1
Nba4 15. Nxa4 Nxa4 16. b3 Nb6 17. Ba5 Be6 18. e4 Rd7 19. Bf1 Re8 20. Kg2 Nc8
21. Bd2 Nd6 22. Be3 Nb5 23. Rac1 Bg4 24. h3 Bxf3+ 25. Kxf3 Bf8 26. Rc4 Red8 27.
Kg2 Nd4 28. f4 Bh6 29. Rd2 Kg7 30. Rf2 g5 31. Bxd4 Rxd4 32. fxe5 fxe5 33. Rc5
Re8 34. Rf5 Rd7 35. Rcxe5 Rxe5 36. Rxe5 g4 37. h4 Be3 38. Be2 Kg6 39. Bxg4 Rxd3
40. Bh5+ Kf6 41. Rf5+ Ke6 42. Be2 Rd2 43. Kf3 Bd4 44. a4 Be5 45. Rh5 Rd7 46.
Rh6+ Bf6 47. Kf4 1-0

[Event "Gibraltar Masters 2019"]
[Site "Caleta ENG"]
[Date "2019.01.23"]
[Round "2"]
[White "Cuenca Jimenez, Jose Fernando"]
[Black "Adams, Michael"]
[Result "1/2-1/2"]
[WhiteElo "2512"]
[BlackElo "2701"]
[PlyCount "113"]
[EventDate "2019.01.22"]

1. e4 e5 2. Nf3 Nc6 3. Bb5 a6 4. Ba4 Nf6 5. O-O Be7 6. Re1 b5 7. Bb3 O-O 8. c3
d6 9. h3 Nb8 10. d4 Nbd7 11. c4 c6 12. Nc3 b4 13. Ne2 Nxe4 14. Qc2 Nef6 15. Ng3
c5 16. dxe5 Nxe5 17. Nxe5 dxe5 18. Rxe5 Bd6 19. Re2 Qc7 20. Nf5 Bxf5 21. Qxf5
Rfe8 22. Be3 Qc6 23. Rd1 Re6 24. Qc2 Qc7 25. Bg5 Rae8 26. Rde1 Be5 27. Ba4 R8e7
28. Kf1 h6 29. Bc1 Qd6 30. Qf5 g6 31. Qf3 Kg7 32. Bc2 Bd4 33. g3 Rxe2 34. Rxe2
Rxe2 35. Qxe2 Qc6 36. Kg1 Nh5 37. Kh2 Qf6 38. Kg2 Qc6+ 39. Be4 Qe6 40. Bf3 Nf6
41. Qxe6 fxe6 42. Bc6 g5 43. b3 e5 44. f4 exf4 45. gxf4 g4 46. f5 gxh3+ 47.
Kxh3 Be5 48. Kg2 Nh7 49. Kf3 Ng5+ 50. Kg4 Nh7 51. Bd2 a5 52. Bc1 Ng5 53. Bd5
Kf6 54. Bd2 Bc3 55. Bf4 Be5 56. Be3 Bd4 57. Bxg5+ 1/2-1/2

[Event "Gibraltar Masters 2019"]
[Site "Caleta ENG"]
[Date "2019.01.24"]
[Round "3"]
[White "Svane, Rasmus"]
[Black "So, Wesley"]
[Result "1/2-1/2"]
[WhiteElo "2594"]
[BlackElo "2765"]
[PlyCount "72"]
[EventDate "2019.01.22"]

1. d4 Nf6 2. c4 e6 3. Nf3 d5 4. g3 Bb4+ 5. Bd2 Be7 6. Bg2 O-O 7. O-O Nbd7 8.
Qc2 Ne4 9. Nc3 Nxd2 10. Nxd2 c6 11. Rfd1 f5 12. Rab1 a5 13. a3 Nf6 14. e3 Bd7
15. Nf3 Be8 16. Ne2 a4 17. Nf4 Bd7 18. Ne5 Bd6 19. Nfd3 Qe7 20. Rdc1 Ra7 21.
Re1 Rd8 22. Nxd7 Rxd7 23. f3 Ra8 24. Rbd1 Kh8 25. Nf2 Bc7 26. cxd5 cxd5 27. Rc1
Bb6 28. Qd3 Rc7 29. Qb5 Ba5 30. Rxc7 Qxc7 31. Rd1 Qb6 32. Bf1 Kg8 33. Qxb6 Bxb6
34. Nd3 Ne8 35. Ne5 Nd6 36. Rc1 g5 1/2-1/2

[Event "Gibraltar Masters 2019"]
[Site "Caleta ENG"]
[Date "2019.01.24"]
[Round "3"]
[White "Navara, David"]
[Black "Mikhalevski, Victor"]
[Result "1-0"]
[WhiteElo "2738"]
[BlackElo "2581"]
[PlyCount "63"]
[EventDate "2019.01.22"]

1. d4 Nf6 2. c4 g6 3. Nc3 d5 4. Nf3 Bg7 5. Qb3 dxc4 6. Qxc4 O-O 7. e4 a6 8. Be2
b5 9. Qb3 c5 10. dxc5 Bb7 11. e5 Nfd7 12. Be3 e6 13. O-O Nc6 14. Rad1 Qc7 15.
a4 b4 16. Ne4 Ncxe5 17. Nxe5 Nxe5 18. Nd6 Bc6 19. Bd4 Qa5 20. Qe3 Nd7 21. Nc4
Qc7 22. Bxg7 Kxg7 23. Nb6 Nxb6 24. cxb6 Qb7 25. Rd6 a5 26. Rc1 Rfc8 27. h4 Bxg2
28. Qd4+ e5 29. Qxe5+ Kg8 30. Rc7 Qe4 31. Qxe4 Bxe4 32. f3 1-0

[Event "Gibraltar Masters 2019"]
[Site "Caleta ENG"]
[Date "2019.01.24"]
[Round "3"]
[White "Vaibhav, Suri"]
[Black "Le, Quang Liem"]
[Result "1/2-1/2"]
[WhiteElo "2590"]
[BlackElo "2714"]
[PlyCount "145"]
[EventDate "2019.01.22"]

1. e4 c5 2. Nf3 d6 3. d4 cxd4 4. Nxd4 Nf6 5. Nc3 a6 6. Be2 e5 7. Nb3 Be7 8. Be3
Be6 9. Nd5 Nxd5 10. exd5 Bf5 11. a4 Bg5 12. O-O Bxe3 13. fxe3 Bg6 14. Qd2 Nd7
15. Na5 Qc7 16. Qb4 Qxc2 17. Bg4 Nc5 18. Nc4 O-O 19. Nxd6 Nd3 20. Qc3 Qxb2 21.
Qxb2 Nxb2 22. Ra2 Nd3 23. Nxb7 a5 24. Rc2 Nb4 25. Rc5 Rfb8 26. d6 Rxb7 27. Bc8
Rb6 28. d7 Rd6 29. Rxe5 h6 30. Re8+ Kh7 31. Rc1 Bc2 32. d8=Q Rxd8 33. Rxd8 g6
34. e4 Bxa4 35. Rd4 Bb3 36. Bb7 Ra7 37. Bd5 Nxd5 38. exd5 Rd7 39. d6 Kg7 40.
Rc7 Rd8 41. Ra7 a4 42. Kf2 Kf6 43. Ke3 Ke6 44. Re7+ Kf6 45. Ra7 Ke6 46. Ra6 Bd5
47. g4 Rxd6 48. Rdxa4 Rxa6 49. Rxa6+ Ke7 50. Kf4 Be6 51. g5 hxg5+ 52. Kxg5 Kf8
53. Kh6 Ke7 54. h4 Kf6 55. Ra1 Kf5 56. Rg1 Kf4 57. Kg7 Kf5 58. Rg5+ Kf4 59. Kf6
Kf3 60. Rg1 Kf4 61. Kg7 Kf5 62. Kh6 Kf4 63. Ra1 Kg4 64. Ra4+ Kf5 65. Kg7 Bb3
66. Rd4 Ba2 67. Rb4 Be6 68. Ra4 Bb3 69. Ra3 Be6 70. Rf3+ Kg4 71. Rxf7 Bxf7 72.
Kxf7 Kxh4 73. Kxg6 1/2-1/2

[Event "Gibraltar Masters 2019"]
[Site "Caleta ENG"]
[Date "2019.01.24"]
[Round "3"]
[White "Peralta, Fernando"]
[Black "Artemiev, Vladislav"]
[Result "1/2-1/2"]
[WhiteElo "2580"]
[BlackElo "2709"]
[PlyCount "62"]
[EventDate "2019.01.22"]

1. d4 Nf6 2. c4 g6 3. Nc3 d5 4. cxd5 Nxd5 5. e4 Nxc3 6. bxc3 Bg7 7. Bc4 c5 8.
Ne2 Nc6 9. Be3 O-O 10. O-O Na5 11. Bd3 b6 12. e5 Bb7 13. h4 Rc8 14. Nf4 cxd4
15. cxd4 Nc4 16. Qg4 Ba6 17. Rad1 Nxe3 18. fxe3 Bxd3 19. Rxd3 e6 20. h5 Rc2 21.
hxg6 hxg6 22. Nh3 Bh6 23. Rf6 Qd5 24. Kh2 Qc4 25. Rxg6+ fxg6 26. Qxg6+ Bg7 27.
Ng5 Rff2 28. Qe8+ Rf8 29. Qg6 Rff2 30. Qe8+ Bf8 31. Qg6+ Bg7 1/2-1/2

[Event "Gibraltar Masters 2019"]
[Site "Caleta ENG"]
[Date "2019.01.24"]
[Round "3"]
[White "Vachier-Lagrave, Maxime"]
[Black "Onabogun, Kolade"]
[Result "1-0"]
[WhiteElo "2780"]
[BlackElo "2189"]
[PlyCount "101"]
[EventDate "2019.01.22"]

1. Nf3 d5 2. g3 c6 3. Bg2 Nf6 4. O-O Bf5 5. c4 e6 6. cxd5 exd5 7. d3 Be7 8. Qb3
Qb6 9. Qc2 O-O 10. Nc3 Na6 11. e4 Nb4 12. Qe2 Bg6 13. Nh4 Bh5 14. Bf3 Bxf3 15.
Qxf3 Rfe8 16. Nf5 Nc2 17. Rb1 Nd4 18. Nxd4 Qxd4 19. Rd1 Qe5 20. Bf4 Qe6 21.
exd5 Nxd5 22. Re1 Qd7 23. Nxd5 Qxd5 24. Qxd5 cxd5 25. Rbc1 g5 26. Rc7 Bf6 27.
Rxe8+ Rxe8 28. Be3 d4 29. Bd2 Re7 30. Rc5 h6 31. Kg2 Kg7 32. Kf3 Kg6 33. h3 Be5
34. Bb4 Re8 35. Rd5 b6 36. Rd7 a5 37. Re7 Rxe7 38. Bxe7 f5 39. Bd8 a4 40. Bxb6
h5 41. b3 axb3 42. axb3 g4+ 43. hxg4 hxg4+ 44. Ke2 Kf6 45. f4 gxf3+ 46. Kxf3
Ke6 47. b4 Kd5 48. b5 Bb8 49. Bd8 Bd6 50. b6 Kc6 51. Bc7 1-0